|
|
|
|
| LEADER |
00000nam a22000005a 4500 |
| 001 |
12432 |
| 003 |
CL-ChBUA |
| 005 |
20120815103415.0 |
| 008 |
070301s1977 ag 000 0 spa |
| 040 |
|
|
|a CL-ChBUA
|c CL-ChBUA
|
| 082 |
0 |
0 |
|a 371.73
|
| 090 |
|
|
|c 12432
|d 12432
|
| 100 |
1 |
|
|a Muros, Ramón C.
|
| 245 |
1 |
0 |
|a Elementos no tradicionales en la clase de educación física
|
| 260 |
|
|
|b Kapelusz.
|c 1977.
|
| 300 |
|
|
|a 33 p.
|c 20 cm.
|
| 504 |
|
|
|a Indice.
|
| 650 |
|
4 |
|a EDUCACION FISICA.
|
| 700 |
1 |
|
|a Hinkelbein, Frauke.
|
| 942 |
|
|
|c LIB
|
| 952 |
|
|
|0 0
|1 0
|2 ddc
|4 0
|6 371_730000000000000_M_929__C_1
|7 0
|9 17698
|a UNACH
|b UNACH
|c 300
|d 2007-03-05
|i 15.131
|l 0
|o 371.73 / M 929. c.1
|p 18697
|r 2012-12-27 00:00:00
|u 17698
|w 2012-08-08
|y LIB
|
| 952 |
|
|
|0 0
|1 0
|2 ddc
|4 0
|6 371_730000000000000_M_929__C_2
|7 0
|9 17699
|a UNACH
|b UNACH
|c 300
|d 2007-03-05
|i 13.723
|l 0
|o 371.73 / M 929. c.2
|p 18698
|r 2012-12-27 00:00:00
|u 17699
|w 2012-08-08
|y LIB
|
| 999 |
|
|
|c 12432
|d 12432
|